LEADER 01291nam a2200277 a 4500 001 000000134964 003 CaOOAMICUS 005 20130716133425.0 008 130716s1966 it u000 u ita r 040 $aPUL$bita 082 04$a347 100 1 $aPanuccio, Vincenzo.$0(OLS)http://pul/name/86941 245 13$aLe dichiarazioni non negoziali di volontà /$cVincenzo Panuccio. 260 $aMilano :$bGiuffrè,$c1966. 300 $aVII, 384 p. ;$c24 cm 490 1 $aPubblicazioni dell'Istituto di scienze giuridiche, economiche, politiche e sociali dell'Università di Messina ;$v53 500 $aRiferimenti bibliografici e indice. 650 4$aProcedura civile$zItalia.$0(OLS)http://pul/subject/14566 830 0$aPubblicazioni dell'Istituto di scienze giuridiche, economiche, politiche e sociali dell'Università di Messina ;$v53.$0(OLS)http://pul/title/48149 850 $aPUL 852 $aPUL$W1$xSL Diritto e Scienze Sociali 3$y79$m347 PANVI 1$j155325$qDDC 21$B154873$CPULBib$Z2$F154873 $H122737 $82 941 1 $a9 996 $6082$a347$9(OLS)http://pul/classification/450 996 $6245$aLe dichiarazioni non negoziali di volontà$9(OLS)http://pul/title/170691 996 $6260$aMilano :$bGiuffrè$9(OLS)http://pul/publisher/48401 LEADER 02071namaa2200409 i 4500 001 000000178272 003 CaOOAMICUS 005 20251210165106.0 007 tu 008 251210s2025 it f 000 u ita r 020 $a978-88-759-0341-1 * Università di Torino 020 $a979-12-211-1324-2* Giappichelli 040 $aPUL$bita$erda 082 0 $a346.45078 100 1 $aSudiero, Fabrizio,$eautore.$0(OLS)http://pul/name/114699 245 13$aLa segnalazione dell'organo di controllo ex art. 25-octies del Codice della crisi d'impresa e dell'insolvenza /$cFabrizio Sudiero. 264 1$aTorino :$bUniversità di Torino ;$aTorino :$bGiappichelli,$c[2025] 264 4$c©2025. 300 $aXXIV, 373 pagine ;$c24 cm 336 $atesto$btxt$2rdacontent 337 $asenza mediazione$bn$2rdamedia 338 $avolume$bnc$2rdacarrier 490 1 $aMemorie del Dipartimento di giurisprudenza dell'Università degli studi di Torino ;$v4 650 4$aDiritto fallimentare$zItalia.$0(OLS)http://pul/subject/34853 830 0$aMemorie del Dipartimento di Giurisprudenza dell'Università di Torino ;$v4.$0(OLS)http://pul/title/203621 850 $aPUL 852 $aPUL$W1$xDP1 Cons. Gen., Altre Classi 1$y22$m1039 F 7.30$j202183$qStampati$B207369$CPULBib$Z2$F207369 $H138183 $82 941 1 $a8 983 0$adg (Dipartimento di giurisprudenza - Università di Torino) 996 $6020$a978-88-759-0341-1 * Università di Torino$9(OLS)http://pul/number/170707 996 $6020$a979-12-211-1324-2* Giappichelli$9(OLS)http://pul/number/170708 996 $6082$a346.45078$9(OLS)http://pul/classification/2026 996 $6245$aLa segnalazione dell'organo di controllo ex art. 25-octies del Codice della crisi d'impresa e dell'insolvenza$9(OLS)http://pul/title/219846 996 $6264$a[S.l.] :$b[s.n.]$9(OLS)http://pul/publisher/0 996 $6264$aTorino :$bUniversità di Torino$9(OLS)http://pul/publisher/51900 996 $6264$aTorino :$bGiappichelli$9(OLS)http://pul/publisher/48244